Verbo Libertario : incertidumbre, imaginación y rebeldía : segunda época, número 2, enero-abril 2014 /

Gespeichert in:
Bibliographische Detailangaben
Format: Buch
Sprache:Spanisch
Veröffentlicht: Guadalajara, México : Centro Social Ruptura, 2014
Schlagworte:
Tags: Tag hinzufügen
Keine Tags, Fügen Sie das erste Tag hinzu!

MARC

LEADER 00000nam^a2200000^a^4500
001 000630162
005 20260410000000.0
009 20260410195516.996
037 |a Acervo ITESO - Biblioteca 
041 |a ESP 
082 |a 320. 05  |b VER V. 2 T. 2 
240 1 1 |a [Verbo Libertario] 
245 0 0 |a Verbo Libertario :  |b incertidumbre, imaginación y rebeldía : segunda época, número 2, enero-abril 2014 / 
264 1 |a Guadalajara, México :  |b Centro Social Ruptura,  |c 2014 
300 |a 42 p. 
336 |a texto  |b txt  |2 rdacontenido 
337 |a sin mediación  |b n  |2 rdamedio 
338 |a volumen  |b nc  |2 rdasoporte 
567 |a Catalogación rápida 
649 |a XX 
650 |a Izquierda, La 
650 |a Revolución -  |z México 
650 |a Resistencia Civil -  |z México 
650 |a Movimientos Políticos -  |z México 
650 |a Movimientos Sociales -  |z México 
650 |a Agricultura -  |z México -  |x Aspectos Políticos 
650 |a Comunicación y Política -  |z México 
650 |a Política -  |z México -  |x Historia -  |y 2012-2018 
650 |a Política -  |z México -  |x Historia -  |y Siglo XXI 
650 |a Política -  |x Publicaciones Periódicas Jaliscienses -  |x Tema Principal 
650 |a Política -  |x Publicaciones Periódicas Mexicanas -  |x Tema Principal 
650 |a Publicaciones Periódicas Jaliscienses 
650 |a Publicaciones Periódicas Mexicanas 
650 |a Publicaciones Periódicas 
910 |a Fondo Castillo-Martínez 
920 |a Impresos - Libros 
930 |a Fondos Especiales 
905 |a 127 
901 |a 630162-10  |b IT2  |c ESP  |i D125129  |u 20260410 
902 |a https://opac.biblio.iteso.mx/vufind/Record/000630162